Stolice Azji - Statystyki

Ogólne statystyki
  • Ten quiz został rozwiązany 7 razy
  • Średni wynik to 21 z 41
Statystyki odpowiedzi
Odpowiedź % Poprawnych
Ankara
83%
Pekin
83%
Seul
83%
Abu zabi
67%
Astana
67%
Bangkok
67%
Damaszek
67%
Dżakarta
67%
Hanoi
67%
Kuala lumpur
67%
Manila
67%
Nowe delhi
67%
Phnom penh
67%
Taszkent
67%
Tbilisi
67%
Ułan bator
67%
Ad dauha
50%
Amman
50%
Aszchabad
50%
Baku
50%
Biszkek
50%
Dhaka
50%
Jerozolima
50%
Katmandu
50%
Maskat
50%
Moskwa
50%
Singapur
50%
Teheran
50%
Tokio
50%
Bagdad
33%
Bandar seri begawan
33%
Duszanbe
33%
Male
33%
Nikozja
33%
Rijad
33%
Sana
33%
Sri dżajawardanapura kotte
33%
Thimphu
33%
Kabul
17%
Naypidaw
17%
Al manama
0%
Nie znaleziono quizów pasujących do podanych kryteriów
Rozkład punktacji
Procent ludzi z każdym wynikiem
Percentyl według liczby udzielonych odpowiedzi
Twoja historia wyników
Nie rozwiązałeś tego quizu